Synthesis of nanosized silicon dioxide in a chain plasma-chemical process; High Energy Chemistry; Vol. 38, iss. 5
| Parent link: | High Energy Chemistry.— , 1967- Vol. 38, iss. 5.— 2004.— [P. 348-349] |
|---|---|
| Hovedforfatter: | |
| Andre forfattere: | |
| Summary: | Title screen Режим доступа: по договору с организацией-держателем ресурса |
| Sprog: | engelsk |
| Udgivet: |
2004
|
| Fag: | |
| Online adgang: | http://dx.doi.org/10.1023/B:HIEC.0000041348.62525.e3 |
| Format: | Electronisk Book Chapter |
| KOHA link: | https://koha.lib.tpu.ru/cgi-bin/koha/opac-detail.pl?biblionumber=656898 |
MARC
| LEADER | 00000naa0a2200000 4500 | ||
|---|---|---|---|
| 001 | 656898 | ||
| 005 | 20250407114245.0 | ||
| 035 | |a (RuTPU)RU\TPU\network\23378 | ||
| 035 | |a RU\TPU\network\23375 | ||
| 090 | |a 656898 | ||
| 100 | |a 20171219d2004 k||y0rusy50 ba | ||
| 101 | 0 | |a eng | |
| 102 | |a US | ||
| 135 | |a drcn ---uucaa | ||
| 181 | 0 | |a i | |
| 182 | 0 | |a b | |
| 200 | 1 | |a Synthesis of nanosized silicon dioxide in a chain plasma-chemical process |f G. E. Remnev, A. I. Pushkarev | |
| 203 | |a Text |c electronic | ||
| 300 | |a Title screen | ||
| 320 | |a [References: 10 tit.] | ||
| 333 | |a Режим доступа: по договору с организацией-держателем ресурса | ||
| 461 | |t High Energy Chemistry |d 1967- | ||
| 463 | |t Vol. 38, iss. 5 |v [P. 348-349] |d 2004 | ||
| 610 | 1 | |a электронный ресурс | |
| 610 | 1 | |a труды учёных ТПУ | |
| 610 | 1 | |a получение | |
| 610 | 1 | |a плазмохимические реакции | |
| 610 | 1 | |a диоксид кремния | |
| 700 | 1 | |a Remnev |b G. E. |c physicist |c Professor of Tomsk Polytechnic University, Doctor of technical sciences |f 1948- |g Gennady Efimovich |3 (RuTPU)RU\TPU\pers\31500 | |
| 701 | 1 | |a Pushkarev |b A. I. |c physicist |c Professor of Tomsk Polytechnic University, Doctor of physical and mathematical sciences, Senior researcher |f 1954- |g Aleksandr Ivanovich |3 (RuTPU)RU\TPU\pers\32701 |9 16587 | |
| 801 | 2 | |a RU |b 63413507 |c 20200311 |g RCR | |
| 856 | 4 | |u http://dx.doi.org/10.1023/B:HIEC.0000041348.62525.e3 | |
| 942 | |c CF | ||